| 000 | 00458cam a2200181ua 4500 | ||
|---|---|---|---|
| 020 | _c1.00 | ||
| 041 |
_amal _h |
||
| 082 |
_a894.812 809 _bBAN/NA |
||
| 100 | _aSankaran, C . | ||
| 245 |
_aMahakavi Vallatholum Abhunjana Shakunthalavum / _cC Sankaran. _hTextual Documents |
||
| 250 |
_a1 / _b. |
||
| 260 |
_aThrissur : _bSiddhartha Book House , _c1953. |
||
| 300 | _a80 ; . | ||
| 365 | _a1.00 | ||
| 504 | _a | ||
| 942 | _cBK | ||
| 999 |
_c6495 _d6495 |
||